000 01181nam a22002417a 4500
003 OSt
005 20260128093045.0
008 210910b ||||| |||| 00| 0 eng d
040 _cSSBUL
041 _ashan
082 _a294.3
245 _aသတ်ႉတဝႃႇဢၼ်ဝႃႈၼႆႉပုတ်ႉထၽႃႇသႃႇဢၼ်ဝႃႈၼႆႉဢရိယႃႇဢၼ်ဝႃႈၼႆႉ /
_cပိၼ်ႇတႅမ်ႈ-လုၵ်ႈႁဵၼ်းၶေႃးလိၵ်ႉ
260 _aတႃႈၵုင်ႈ
_bဢေး
_c2016
300 _aH၊ 292 ၼႃႈ
_bပႃးၶႅပ်းႁၢင်ႈ
_c21 ၸိၼ်ႇထီႇ
500 _aပႃးပပ်ႉၸဝ်ႈတႃႇၼႁင်းၶေႃတွၵ်ႉတိူဝ်ႇၸၢႆးဢွင်ႇထုၼ်းလူႇတၢၼ်းဝႆႉပပ်ႉၼိုင်ႈ၊ မၢႆ-2474
500 _a S-SAT: Dr. Prof Sai Aung Tun
501 _aပႃးဝေႃးႁၢရ်
504 _aပႃးဝေႃးႁၢရ်လႄႈၶႃႈၸိၼႂ်း
650 _aပုတ်ႉထၽႃႇသႃႇ
942 _cBK
942 _2ddc
942 _2ddc
999 _c6370
_d6370